Регионална библиотека "Любен Каравелов" - Русе

Отчетен доклад на Общинския комитет на БКП- Русе за неговата и на общинската партийна организация дейност през периода 1984-1986 г. (Запис номер 447138)

MARC детайли
000 -Лидер
Контролно поле с фиксирана дължина 00990nam a2200265 a 4500
003 - Код на организацията, давaща контролен номер
Контролно поле BLK
005 - Дата и час на последна редакция
Контролно поле 20230727125442.0
008 - Елементи от данни с фиксирана дължина
fixed length control field 220304b bul|||||r ||||||| ||bul||
040 ## - Източник на каталожния запис
Идентификатор на билиотеката - собственик на записа BLK
041 ## - Код за език
Код за езика на текст/звукозапис или на отделно заглавие Български
Код за езика КДБФ Български
080 ## - УДК
Текстов определител УДК Комунистически партии. Вж и 327.323
УДК код - определител по УДК 329.15
УДК определител (497.215)БКП (062)
УДК - код + определител 329.15(497.2)БКП (062)
139 ## - Редно поле
Авторски знак Отч - О 95
245 10 - Сведения за заглавието
Заглавие Отчетен доклад на Общинския комитет на БКП- Русе за неговата и на общинската партийна организация дейност през периода 1984-1986 г.
Физически носител (вид на носителя) [Малотир. изд.]
257 ## - Страна на издаване
Страна на създаване/издаване България
260 ## - Област на издателските данни
Място на издаване, разпространение и проч. Русе
Име на издателя, разпространителя и проч. ОК на БКП - Русе
Година на издаване 1986
9 (RLIN) 218041
300 ## - Физическа характеристика
Страници 79 с.
Размери/Мащаб 20 см
380 ## - Жанр
Жанр Обществени науки
653 ## - Ключова дума – ненормативна
Ключова дума комунистически партии
653 ## - Ключова дума – ненормативна
Ключова дума БКП
852 ## - Местоположение
Фондова буква Краезнание
Систематично-азбучна сигнатура К 329/О-95
856 4# - Електронен адрес и достъп
Електронен формат pdf - файл
856 4# - Електронен адрес и достъп
Електронен формат pdf - файл
999 ## - СИСТЕМНИ КОНТРОЛНИ НОМЕРА
Koha biblionumber 447138
Koha biblioitemnumber 447138
942 ## - АРТИКУЛИ
Вид на библиотечния материал Книги
Скрит в OPAC Не
Периодичен библиозапис Да
Koha issues (borrowed), all copies 1
944 ## - СЪЗДАВАНЕ И РЕДАКЦИЯ на ЗАПИСА
Създаване/Редакция Създаване
Дата на регистрацията/редакция 2022-03-04
Служител, извършил регистрацията/редакцията 30556
Статус, дата на статуса Теодора Пейчева-Дянкова
Наличности
Код за отписване Код за изгубен артикул Източник на класификационната схема Код за повреда Коз за рестрикции Код за отдаване Артикулен № Име на библиотеката - собственик Име на библиотеката, в която се намира в момента Статус (Текущо местоположение) Дата на вписване в системата Местоположение - отдел Цена в лева Систематично азбучна сигнатура Баркод Цена в евро Служебен тип на артикула
  Не е изгубен Universal Decimal Classification Не е повреден само за читалня ползва се в читалня 875000 Регионална библиотека "Любен Каравелов" Русе Регионална библиотека "Любен Каравелов" Русе Краезнание 2022-03-14 Краезнание 1.00 К 329/О 95 120000868066 0.51 Книги
Vip Innovations Ltd, Rousse, Bulgaria 2025